=LDR 00000nam 2200000 4500 =001 INLIS000000000034651 =005 20130612140541 =008 ***********************************ind** =035 ##$$0010-061300000034651 =041 ##$$a ind =082 ##$$a 372.803 =090 ##$$a 372.803; Wir,k =100 ##$$a Wirawan,Danang B =245 ##$$a Kamus Pintar Bergambar, Waktu, Danang B. Wirawan;Editor, Dewi Linda Gustini, Agus Jakaria =260 ##$$a [20...?] $b Bandung =300 ##$$a 35 hlm., Illus., 25 cm =650 ##$$a Pendidikan Dasar - Waktu Kamus =700 ##$$a Gustini, Dewi Linda =850 ##$$a NBPNMAT